| 000 | 00389nam a22001457a 4500 | ||
|---|---|---|---|
| 999 |
_c4511 _d4511 |
||
| 008 | 200813b ||||| |||| 00| 0 eng d | ||
| 082 | 0 | 0 |
_a621.3076 _bR2151 |
| 100 |
_93605 _aRao, S. R. |
||
| 245 | 1 | 0 |
_aElectro-technology,problems and solutions _cby S. R. Rao |
| 260 |
_aDelhi _bSuri Bros _c1961 |
||
| 300 | _avi, 168 p. | ||
| 365 | _d8.00 | ||
| 650 | 0 | _aElectrical Engineering | |
| 942 | _cBK | ||